[Event "IECC CL5-2007.19 email"]
[Site "IECC email"]
[Date "2008.01.02"]
[Round "?"]
[White "Jewell, Barry"]
[Black "Castle, Thomas"]
[Result "0-1"]
[WhiteElo "1533"]
[BlackElo "1252"]
[PlyCount "38"]
[EventDate "2007.??.??"]
[EventType "tourn (corr)"]
[EventRounds "4"]
[SourceTitle "Corr 2013"]
[Source "ChessBase"]
[SourceDate "2012.11.12"]
[SourceVersion "1"]
[SourceVersionDate "2012.11.12"]
[SourceQuality "1"]
[WhiteTeam "Ireland"]
[BlackTeam "Italy"]
[WhiteTeamCountry "IRL"]
[BlackTeamCountry "ITA"]

1. e4 e6 2. d3 d5 3. Nd2 Nf6 4. Ngf3 c5 5. g3 Nc6 6. Bg2 b6 7. 0-0 Bb7 8. Nh4 Be7 9. f4 dxe4 10. Nxe4 Nxe4 11. Bxe4 Bxh4 12. gxh4 Qxh4 13. Be3 f5 14. Bf3 0-0 15. Qd2 Rf6 16. Rf2 Rb8 17. Kf1 Rg6 18. Rg2 Qh3 19. Qf2 Ne5 0-1

[Event "IECC M1-2007.T57"]
[Site "IECC email"]
[Date "2007.10.18"]
[Round "?"]
[White "Castle, Thomas"]
[Black "Paluch, Andrzej"]
[Result "1-0"]
[WhiteElo "1234"]
[BlackElo "1286"]
[PlyCount "53"]
[EventDate "2007.??.??"]
[EventType "match (corr)"]
[EventRounds "2"]
[SourceTitle "Corr 2020"]
[Source "ChessBase"]
[SourceDate "2019.09.30"]
[SourceVersion "1"]
[SourceVersionDate "2019.09.30"]
[SourceQuality "1"]
[WhiteTeam "United States"]
[BlackTeam "Poland"]
[WhiteTeamCountry "USA"]
[BlackTeamCountry "POL"]

1. d4 Nf6 2. Nf3 g6 3. Bf4 d6 4. e3 Bg7 5. Bd3 0-0 6. Nbd2 Bg4 7. h3 Bd7 8. 0-0 c5 9. c3 Qb6 10. Qc2 cxd4 11. exd4 Re8 12. Nc4 Qd8 13. Rae1 Bb5 14. Ng5 d5 15. Nxf7 Qd7 16. Nce5 Bxd3 17. Qxd3 Qa4 18. Nh6+ Bxh6 19. Bxh6 Ne4 20. Rxe4 dxe4 21. Qxe4 Qxa2 22. c4 Nc6 23. Nxg6 Qxc4 24. Qg4 Kf7 25. Qf5+ Kg8 26. d5 Qe2 27. dxc6 1-0

[Event "IECC M1-2007.T29"]
[Site "IECC email"]
[Date "2007.07.26"]
[Round "?"]
[White "Castle, Thomas"]
[Black "Caudill, Tommy A"]
[Result "1-0"]
[WhiteElo "1171"]
[BlackElo "1172"]
[PlyCount "59"]
[EventDate "2007.??.??"]
[EventType "match (corr)"]
[EventRounds "2"]
[SourceTitle "Corr 2011"]
[Source "ChessBase"]
[SourceDate "2010.08.31"]
[SourceVersion "1"]
[SourceVersionDate "2010.08.31"]
[SourceQuality "1"]
[WhiteTeam "US of America"]
[BlackTeam "South Africa"]
[WhiteTeamCountry "USA"]
[BlackTeamCountry "RSA"]

1. d4 d5 2. Nf3 Nc6 3. Bf4 Bg4 4. e3 a6 5. Bd3 Nf6 6. Nbd2 e6 7. 0-0 Be7 8. c3 0-0 9. Qc2 g6 10. Rac1 b5 11. a4 Na7 12. Ne5 Bf5 13. Bxf5 exf5 14. axb5 axb5 15. Ra1 Bd6 16. Bg5 Be7 17. Ndf3 Ne4 18. Bxe7 Qxe7 19. Rxa7 f6 20. Rxa8 Rxa8 21. Nd3 c5 22. dxc5 Nxc5 23. Nxc5 Qxc5 24. Nd4 b4 25. cxb4 Qxb4 26. Qc6 Qa5 27. Qe6+ Kg7 28. Qe7+ Kh6 29. Qxf6 Qd2 30. Nxf5+ 1-0

[Event "IECC CL7-2007.09 email"]
[Site "IECC email"]
[Date "2007.07.24"]
[Round "?"]
[White "Castle, Thomas"]
[Black "Hintze, Russell P"]
[Result "1-0"]
[WhiteElo "1143"]
[BlackElo "1029"]
[PlyCount "33"]
[EventDate "2007.??.??"]
[EventType "tourn (corr)"]
[EventRounds "4"]
[SourceTitle "Corr 2011"]
[Source "ChessBase"]
[SourceDate "2010.08.31"]
[SourceVersion "1"]
[SourceVersionDate "2010.08.31"]
[SourceQuality "1"]
[WhiteTeam "Italy"]
[BlackTeam "Chile"]
[WhiteTeamCountry "ITA"]
[BlackTeamCountry "CHI"]

1. d4 Nf6 2. Nf3 e6 3. Bg5 Be7 4. e3 Ne4 5. Bxe7 Qxe7 6. Nbd2 Nxd2 7. Qxd2 0-0 8. Bd3 d5 9. 0-0 Nc6 10. e4 dxe4 11. Bxe4 f5 12. Bxc6 bxc6 13. Qc3 Bb7 14. Ne5 Qg5 15. Nxc6 a5 16. f4 Qg6 17. Ne7+ 1-0

[Event "IECC CL7-2007.09 email"]
[Site "IECC email"]
[Date "2007.07.24"]
[Round "?"]
[White "Castle, Thomas"]
[Black "Simmons, Ernest"]
[Result "1-0"]
[WhiteElo "1187"]
[BlackElo "1089"]
[PlyCount "53"]
[EventDate "2007.??.??"]
[EventType "tourn (corr)"]
[EventRounds "4"]
[SourceTitle "Corr 2011"]
[Source "ChessBase"]
[SourceDate "2010.08.31"]
[SourceVersion "1"]
[SourceVersionDate "2010.08.31"]
[SourceQuality "1"]
[WhiteTeam "Italy"]
[BlackTeam "Chile"]
[WhiteTeamCountry "ITA"]
[BlackTeamCountry "CHI"]

1. d4 Nf6 2. Nf3 e6 3. e3 b6 4. b3 Bb7 5. Nbd2 Be7 6. Bb2 0-0 7. Bd3 d5 8. 0-0 Re8 9. c4 Ba6 10. Qc2 g6 11. Ne5 Nbd7 12. Nc6 Qc8 13. Nxe7+ Rxe7 14. e4 c6 15. e5 Ne8 16. Nf3 Nf8 17. Ba3 Rd7 18. Rfe1 Nc7 19. Re3 Qd8 20. h4 b5 21. cxb5 Bxb5 22. Rc1 Rc8 23. Bxb5 cxb5 24. Rc3 a6 25. Bd6 a5 26. Bxc7 Rcxc7 27. Rxc7 1-0

[Event "IECC CL7-2004.03 email"]
[Site "IECC email"]
[Date "2004.02.05"]
[Round "?"]
[White "Castle, Thomas"]
[Black "Hausgaard, Olaf"]
[Result "0-1"]
[WhiteElo "1112"]
[BlackElo "1053"]
[PlyCount "50"]
[EventDate "2004.??.??"]
[EventType "tourn (corr)"]
[EventRounds "4"]
[SourceTitle "Corr 2008"]
[Source "ChessBase"]
[SourceDate "2008.06.24"]
[SourceVersion "1"]
[SourceVersionDate "2008.06.24"]
[SourceQuality "1"]

1. d4 d5 2. Nf3 Nf6 3. Bg5 e6 4. e3 Be7 5. Bd3 b6 6. 0-0 Ba6 7. Bxa6 Nxa6 8. Nbd2 c5 9. Qe2 c4 10. Bxf6 Bxf6 11. b3 Nb4 12. c3 Nc6 13. bxc4 dxc4 14. Nxc4 0-0 15. a4 a6 16. Rfb1 Rb8 17. Rb3 Qd5 18. Rxb6 Rxb6 19. Nxb6 Qb3 20. Qxa6 Qxc3 21. Qf1 Na5 22. Rc1 Qb4 23. Qb5 Qa3 24. Rf1 Qc3 25. Nd7 Rc8 0-1

[Event "IECC M email"]
[Site "IECC email"]
[Date "2002.11.30"]
[Round "?"]
[White "Castle, Thomas"]
[Black "Emerson, Richard M"]
[Result "1-0"]
[WhiteElo "1233"]
[BlackElo "1279"]
[PlyCount "51"]
[EventDate "2002.??.??"]
[EventType "tourn (corr)"]
[EventRounds "6"]
[SourceTitle "Corr 2008"]
[Source "ChessBase"]
[SourceDate "2008.06.24"]
[SourceVersion "1"]
[SourceVersionDate "2008.06.24"]
[SourceQuality "1"]

1. d4 d5 2. Nf3 Nf6 3. e3 Bg4 4. c4 e6 5. Qb3 b6 6. Ne5 Bf5 7. Nc3 Be7 8. cxd5 exd5 9. Bb5+ Nbd7 10. e4 0-0 11. exf5 Nb8 12. 0-0 a6 13. Nc6 Nxc6 14. Bxc6 Rb8 15. Be3 Qd6 16. Bxd5 Nxd5 17. Nxd5 Bd8 18. Bf4 Qd7 19. Rac1 Qxf5 20. Bxc7 Rb7 21. Bxd8 Rd7 22. Ne7+ Rxe7 23. Bxe7 Re8 24. Qxb6 Qb5 25. Qxb5 axb5 26. Rc5 1-0

[Event "IECG CF.2002.0.00015 email"]
[Site "IECG email"]
[Date "2002.01.23"]
[Round "?"]
[White "Castle, Thomas"]
[Black "Harper, Roy"]
[Result "0-1"]
[WhiteElo "1100"]
[BlackElo "1000"]
[PlyCount "24"]
[EventDate "2002.01.23"]
[EventType "tourn (corr)"]
[EventRounds "6"]
[SourceTitle "Corr 2008"]
[Source "ChessBase"]
[SourceDate "2008.06.24"]
[SourceVersion "1"]
[SourceVersionDate "2008.06.24"]
[SourceQuality "1"]

1. Nc3 d5 2. Nf3 Nf6 3. d4 Bf5 4. Bf4 e6 5. Nb5 Na6 6. e3 c6 7. Nc3 Nb4 8. Bd3 Nxd3+ 9. cxd3 h5 10. Qe2 h4 11. e4 dxe4 12. dxe4 Bg4 0-1

[Event "IECC M email"]
[Site "IECC email"]
[Date "2002.01.20"]
[Round "?"]
[White "Castle, Thomas"]
[Black "Baroni, Alessandro"]
[Result "0-1"]
[WhiteElo "1196"]
[BlackElo "1221"]
[PlyCount "20"]
[EventDate "2002.??.??"]
[EventType "tourn (corr)"]
[EventRounds "6"]
[SourceTitle "Corr 2008"]
[Source "ChessBase"]
[SourceDate "2008.06.24"]
[SourceVersion "1"]
[SourceVersionDate "2008.06.24"]
[SourceQuality "1"]

1. Nc3 c5 2. Nf3 Nc6 3. d4 cxd4 4. Nxd4 Nf6 5. Nxc6 bxc6 6. e4 e5 7. Bc4 Bb4 8. 0-0 0-0 9. Ne2 Nxe4 10. f3 Qb6+ 0-1

[Event "IECC CL6-2001.38"]
[Site "IECC email"]
[Date "2001.12.25"]
[Round "?"]
[White "Castle, Thomas"]
[Black "Van Lieshout, Henk HM"]
[Result "0-1"]
[WhiteElo "1172"]
[BlackElo "1375"]
[PlyCount "24"]
[EventDate "2001.??.??"]
[EventType "tourn (corr)"]
[EventRounds "4"]
[SourceTitle "Corr 2008"]
[Source "ChessBase"]
[SourceDate "2008.06.24"]
[SourceVersion "1"]
[SourceVersionDate "2008.06.24"]
[SourceQuality "1"]

1. Nc3 Nc6 2. Nf3 d5 3. d4 e6 4. Bf4 a6 5. e4 dxe4 6. Nxe4 Be7 7. Bd3 Nf6 8. Nxf6+ Bxf6 9. c3 0-0 10. 0-0 g6 11. Qd2 Bg7 12. Bh6 Bxh6 0-1

[Event "IECC CL6-2001.38"]
[Site "IECC email"]
[Date "2001.12.25"]
[Round "?"]
[White "Kota, Suman"]
[Black "Castle, Thomas"]
[Result "1-0"]
[WhiteElo "1311"]
[BlackElo "1308"]
[PlyCount "31"]
[EventDate "2001.??.??"]
[EventType "tourn (corr)"]
[EventRounds "4"]
[SourceTitle "Corr 2008"]
[Source "ChessBase"]
[SourceDate "2008.06.24"]
[SourceVersion "1"]
[SourceVersionDate "2008.06.24"]
[SourceQuality "1"]

1. e4 e5 2. Nc3 Nf6 3. Nf3 Bb4 4. Nxe5 Bxc3 5. dxc3 Qe7 6. Nd3 Nxe4 7. Qe2 Nc6 8. Be3 0-0 9. 0-0-0 d5 10. f3 Nf6 11. Qf2 Re8 12. Re1 b6 13. Bf4 Be6 14. Ne5 Qd6 15. Bb5 Bd7 16. Nxd7 1-0

[Event "IECC M email"]
[Site "IECC email"]
[Date "2001.12.03"]
[Round "?"]
[White "Bryson, Jon"]
[Black "Castle, Thomas"]
[Result "1-0"]
[WhiteElo "997"]
[BlackElo "1258"]
[PlyCount "57"]
[EventDate "2001.??.??"]
[EventType "tourn (corr)"]
[EventRounds "6"]
[SourceTitle "Corr 2008"]
[Source "ChessBase"]
[SourceDate "2008.06.24"]
[SourceVersion "1"]
[SourceVersionDate "2008.06.24"]
[SourceQuality "1"]

1. e4 d6 2. c3 Nf6 3. d3 Nc6 4. Nf3 e5 5. Be2 Be6 6. Be3 Be7 7. d4 Nxe4 8. Bd3 exd4 9. cxd4 f5 10. Qa4 d5 11. 0-0 0-0 12. Nc3 a6 13. Ne5 Nxe5 14. dxe5 f4 15. Bd4 c5 16. Bxe4 dxe4 17. Bxc5 Bxc5 18. Rad1 Qg5 19. Qxe4 f3 20. g3 Bh3 21. Rfe1 Qh5 22. Qc4+ Qf7 23. Qxc5 Rac8 24. Qd4 Be6 25. Ne4 Bxa2 26. Nd6 Qh5 27. Nxc8 Qh3 28. Ne7+ Kh8 29. Ng6+ 1-0

[Event "IECC O email"]
[Site "IECC email"]
[Date "2001.12.03"]
[Round "?"]
[White "Owen, Keith"]
[Black "Castle, Thomas"]
[Result "1/2-1/2"]
[WhiteElo "1230"]
[BlackElo "1309"]
[PlyCount "68"]
[EventDate "2001.??.??"]
[EventType "tourn (corr)"]
[EventRounds "6"]
[SourceTitle "Corr 2008"]
[Source "ChessBase"]
[SourceDate "2008.06.24"]
[SourceVersion "1"]
[SourceVersionDate "2008.06.24"]
[SourceQuality "1"]

1. e4 d6 2. d4 Nf6 3. Nc3 c6 4. f4 Qb6 5. Nf3 Bg4 6. Be2 Nbd7 7. e5 Nh5 8. 0-0 g6 9. exd6 exd6 10. Ng5 Bxe2 11. Qxe2+ Be7 12. Rd1 Qc7 13. Re1 Ndf6 14. Bd2 d5 15. Qe5 Qxe5 16. fxe5 Ng8 17. Rad1 h6 18. Nf3 0-0-0 19. Ne2 Ng7 20. Rf1 Ne6 21. a3 Re8 22. Kh1 f6 23. Nh4 g5 24. Ng6 Rh7 25. Nxe7+ Rhxe7 26. Bb4 Rd7 27. exf6 Rf7 28. Ng3 Rxf6 29. Nf5 Kd7 30. Rde1 b6 31. a4 c5 32. dxc5 Nxc5 33. Rxe8 Kxe8 34. Bc3 Rc6 1/2-1/2

[Event "IECC CL6-2001.26"]
[Site "IECC email"]
[Date "2001.08.18"]
[Round "?"]
[White "Castle, Thomas"]
[Black "Wong, Alice"]
[Result "1-0"]
[WhiteElo "1331"]
[BlackElo "1300"]
[PlyCount "27"]
[EventDate "2001.??.??"]
[EventType "tourn (corr)"]
[EventRounds "4"]
[SourceTitle "Corr 2008"]
[Source "ChessBase"]
[SourceDate "2008.06.24"]
[SourceVersion "1"]
[SourceVersionDate "2008.06.24"]
[SourceQuality "1"]

1. Nc3 e5 2. e4 Nf6 3. Nf3 Nc6 4. d4 exd4 5. Nxd4 Bb4 6. Bc4 Nxe4 7. 0-0 Nxc3 8. Re1+ Ne7 9. bxc3 Bxc3 10. Qf3 0-0 11. Qxc3 d5 12. Bb2 c6 13. Nxc6 bxc6 14. Qxg7# 1-0

[Event "IECC CL6-2001.26"]
[Site "IECC email"]
[Date "2001.08.18"]
[Round "?"]
[White "Torre, Leandro"]
[Black "Castle, Thomas"]
[Result "0-1"]
[WhiteElo "1240"]
[BlackElo "1345"]
[PlyCount "64"]
[EventDate "2001.??.??"]
[EventType "tourn (corr)"]
[EventRounds "4"]
[SourceTitle "Corr 2008"]
[Source "ChessBase"]
[SourceDate "2008.06.24"]
[SourceVersion "1"]
[SourceVersionDate "2008.06.24"]
[SourceQuality "1"]

1. e4 c6 2. d4 d5 3. e5 Bf5 4. h4 h6 5. Nc3 e6 6. g4 Bh7 7. Be3 Ne7 8. Bd3 Bxd3 9. Qxd3 Qb6 10. 0-0-0 Na6 11. Bd2 h5 12. f3 c5 13. dxc5 Nxc5 14. Qb5+ Nc6 15. Kb1 Qxb5 16. Nxb5 Rd8 17. Bg5 Be7 18. Bxe7 Kxe7 19. Ne2 Nxe5 20. f4 Nxg4 21. Rhg1 Ne3 22. Rde1 Nf5 23. Ned4 Nxh4 24. Rxg7 Kf6 25. Rgg1 Ne4 26. Kc1 a6 27. Na3 Nf5 28. c3 Nxd4 29. cxd4 h4 30. Kd1 h3 31. Re2 Rdg8 32. Rh1 Ng3 0-1